| 000 | 00000nam##2200000za#4500 |
| 001 | 9.604557 |
| 003 | CaOODSP |
| 005 | 20210624211652 |
| 007 | cr ||||||||||| |
| 008 | 150406|2010||||xxc|||||o f|0| 0 fre|d |
| 040 | |aCaOODSP|bfre |
| 043 | |an-cn--- |
| 086 | 1 |aT41-1/88F-PDF |
| 110 | 1 |aCanada. |bTransports Canada. |
| 245 | 10|aMontréal, ville du vélo |h[ressource électronique] |
| 260 | |aOttawa - Ontario : |bTransports Canada |c[2010?]. |
| 300 | |a6p.|bcarte en couleur, graphique, tableau, photographies |
| 490 | 1 |aÉtudes de cas sur les transports durables |vÉtude de cas nº 88 |
| 500 | |aEn tête du titre : Programmes environnementaux urbains. « Ville de Montréal, Québec ». |
| 590 | |a12-36-Supp|b2012-08-22 |
| 775 | 08|tMontreal – bike city |w(CaOODSP)9.574832 |
| 830 | #0|aÉtudes de cas sur les transports durables ;|vÉtude de cas nº 88|w(CaOODSP)9.503247 |
| 856 | 40|ahttp://publications.gc.ca|qPDF|s434 Ko|uhttps://publications.gc.ca/collections/collection_2012/tc/T41-1-88-fra.pdf|yÉtude de cas nº 88 |
| 986 | |aTP: 15079 |